| 000 | 00604 a2200169 4500 | ||
|---|---|---|---|
| 003 | Nust | ||
| 005 | 20170207153418.0 | ||
| 040 | _cNust | ||
| 082 | _a359.95491 | ||
| 100 | _aMain zahir shah | ||
| 245 |
_aBubbles of water _cMain Zahir Shah |
||
| 260 |
_aLahore _bAPN Book publishers _c2001 |
||
| 300 | _a485,p.; | ||
| 505 | _aThe RIN Period (1942-1947) (Page-1) The RPN Period (1947-1956) (Page-41) The Early PN Period (1956-1964) (Page-81) 1965and Euphoria (1965-1970) (page-197) 1971and Reality (page-319) Revival (1972-1999) (Page-361) | ||
| 538 | _aAlmirah No.54 Shelf No.6 | ||
| 650 | _aBubbles of water | ||
| 942 |
_2ddc _cBK |
||
| 999 |
_c185609 _d185609 |
||